500 problemas de trigonometría : (Registro nro. 48)
[ vista simple ]
| 000 -LEADER | |
|---|---|
| fixed length control field | 01068nam a2200217Ia 4500 |
| 003 - CONTROL NUMBER IDENTIFIER | |
| control field | PE SENCICO BE |
| 005 - DATE AND TIME OF LATEST TRANSACTION | |
| control field | 20251020182424.0 |
| 008 - FIXED-LENGTH DATA ELEMENTS--GENERAL INFORMATION | |
| fixed length control field | 200515s9999 xx 000 0 und d |
| 040 ## - CATALOGING SOURCE | |
| Original cataloging agency | PE SENCICO BE |
| Transcribing agency | PE SENCICO BE |
| 041 ## - LANGUAGE CODE | |
| Language code of text/sound track or separate title | spa |
| 082 ## - DEWEY DECIMAL CLASSIFICATION NUMBER | |
| Classification number | 516.24 |
| Item number | S21 |
| 100 1# - MAIN ENTRY--PERSONAL NAME | |
| Personal name | Sandoval Peña, Juan Carlos |
| 9 (RLIN) | 2135 |
| Relator term | autor |
| 245 10 - TITLE STATEMENT | |
| Title | 500 problemas de trigonometría : |
| Remainder of title | curso completo / |
| Statement of responsibility, etc. | Juan Carlos Sandoval Peña |
| 250 ## - EDITION STATEMENT | |
| Edition statement | 1a ed. |
| 260 ## - PUBLICATION, DISTRIBUTION, ETC. | |
| Place of publication, distribution, etc. | Lima : |
| Name of publisher, distributor, etc. | Mantaro ; |
| Date of publication, distribution, etc. | 1992 |
| 300 ## - PHYSICAL DESCRIPTION | |
| Extent | 131 p. : |
| Other physical details | graf. : |
| Dimensions | 20 cm. |
| 520 3# - SUMMARY, ETC. | |
| Summary, etc. | Este libro plantea y desarrolla 500 problemas de trigonometría. Son problemas tipo y mantienen las mismas características de los que se ofrecen al estudiante en los concursos de admisión a las universidades. El autor los expone y los resuelve de manera ejemplar para que puedan servir como modelos en la resolución de otros problemas parecidos con los que el estudiante tiene que enfrentarse en su etapa preparatoria para la universidad. |
| 650 10 - SUBJECT ADDED ENTRY--TOPICAL TERM | |
| Topical term or geographic name entry element | Trigonometría |
| 9 (RLIN) | 2104 |
| 650 20 - SUBJECT ADDED ENTRY--TOPICAL TERM | |
| Topical term or geographic name entry element | Matemáticas |
| 9 (RLIN) | 2106 |
| 942 ## - ADDED ENTRY ELEMENTS (KOHA) | |
| Koha item type | Libros |
| Source of classification or shelving scheme | Dewey Decimal Classification |
| Fecha de la última vez que lo usaron | Número de ingreso o de inventario | Pago total | Signatura topográfica completa | Código de barras | Precio efectivo desde | Tipo de documento | Estado perdido | Sistema de clasificación | Estado dañado | No es para préstamo | Retirado | Ubicación permanente | Ubicación actual | Fecha de adquisición |
|---|---|---|---|---|---|---|---|---|---|---|---|---|---|---|
| 18/04/2024 | 12492 | 516.24/S21 | BibLima24040071 | 18/04/2024 | Libros | Dewey Decimal Classification | Biblioteca Central Lima | Biblioteca Central Lima | 18/04/2024 |